[Event "Monarch Assurance Isle of Man 14th"]
[Site "Port Erin IOM"]
[Date "2005.09.25"]
[Round "2.37"]
[White "Vitoux, Colomban"]
[Black "Werner, Gert"]
[Result "1/2-1/2"]
[WhiteElo "2264"]
[BlackElo "2047"]
[PlyCount "100"]
[EventDate "2005.09.24"]
[EventType "swiss"]
[EventRounds "9"]
[EventCountry "IOM"]

1. e4 g6 2. Nc3 Bg7 3. d4 c6 4. Bc4 d6 5. Qe2 Nf6 6. e5 Nd5 7. Bd2 O-O 8. O-O-O
Nxc3 9. Bxc3 b5 10. Bd3 dxe5 11. dxe5 Qd5 12. Kb1 Be6 13. b3 Qc5 14. Qe1 Nd7
15. Nf3 Qb6 16. Ng5 Nc5 17. Nxe6 Nxe6 18. g3 a5 19. f4 b4 20. Ba1 a4 21. Bc4
axb3 22. cxb3 Nc7 23. Qe2 e6 24. Rd6 Nb5 25. Bxb5 Qxb5 26. Qxb5 cxb5 27. Rc1
Rfc8 28. Rxc8+ Rxc8 29. Bd4 Bf8 30. Rd7 h5 31. h3 Bc5 32. Bxc5 Rxc5 33. Rd3 g5
34. h4 gxh4 35. gxh4 Kh7 36. Rd4 Kg6 37. Rxb4 Kf5 38. a4 bxa4 39. Rxa4 Kg4 40.
Kb2 Kxh4 41. Ra7 Kg4 42. Rxf7 h4 43. Rf6 h3 44. Rxe6 Kxf4 45. Rh6 Kg3 46. e6
Re5 47. Rg6+ Kf2 48. Rf6+ Kg2 49. Rg6+ Kf2 50. Rf6+ Kg2 1/2-1/2

[Event "Monarch Assurance Isle of Man 14th"]
[Site "Port Erin IOM"]
[Date "2005.09.25"]
[Round "2.38"]
[White "Spence, David J"]
[Black "Spanton, Tim"]
[Result "1-0"]
[WhiteElo "2218"]
[BlackElo "2032"]
[PlyCount "77"]
[EventDate "2005.09.24"]
[EventType "swiss"]
[EventRounds "9"]
[EventCountry "IOM"]

1. e4 c5 2. c3 g6 3. d4 cxd4 4. cxd4 d5 5. e5 Nc6 6. Nc3 Nh6 7. g3 Nf5 8. Nge2
Bg7 9. Bg2 e6 10. O-O f6 11. f4 h5 12. a3 a6 13. b4 b5 14. Bh3 Qb6 15. Bxf5
gxf5 16. exf6 Bxf6 17. Be3 Bd7 18. Kg2 Ke7 19. Qd3 Kf7 20. Nb1 a5 21. bxa5 Nxa5
22. Nd2 Nc4 23. Nf3 Qa7 24. Ne5+ Bxe5 25. fxe5 Nxa3 26. Bc1 b4 27. Bxa3 bxa3
28. Rf3 Qa6 29. Qxa6 Rxa6 30. Rfxa3 Rxa3 31. Rxa3 Rg8 32. Ra7 Ke8 33. Nf4 h4
34. Nh5 h3+ 35. Kxh3 Kd8 36. Rxd7+ Kxd7 37. Nf6+ Kc6 38. Nxg8 Kb5 39. Ne7 1-0

[Event "Monarch Assurance Isle of Man 14th"]
[Site "Port Erin IOM"]
[Date "2005.09.25"]
[Round "2.39"]
[White "Henderikse, Bert"]
[Black "Allen, Keith"]
[Result "0-1"]
[WhiteElo "2028"]
[BlackElo "2210"]
[PlyCount "98"]
[EventDate "2005.09.24"]
[EventType "swiss"]
[EventRounds "9"]
[EventCountry "IOM"]

1. d4 d5 2. c4 c6 3. cxd5 cxd5 4. Nc3 Nf6 5. Bf4 Nc6 6. e3 Bf5 7. Bd3 Bxd3 8.
Qxd3 e6 9. Nf3 Be7 10. h3 O-O 11. O-O a6 12. Rac1 Rc8 13. Rfd1 b5 14. Ne5 Qb6
15. Bg5 Rfd8 16. Nxc6 Rxc6 17. Rc2 h6 18. Bxf6 Bxf6 19. Rdc1 Rdc8 20. Ne2 Be7
21. Rxc6 Rxc6 22. Rxc6 Qxc6 23. Qc3 Qc4 24. Qxc4 dxc4 25. Kf1 Bb4 26. Nc3 f5
27. Ke2 Kf7 28. Kd2 Ke7 29. Kc2 Ba5 30. f3 Kd6 31. e4 Kc6 32. a3 Bd8 33. Nd1
fxe4 34. fxe4 e5 35. d5+ Kc5 36. Ne3 Kd4 37. Nf5+ Kxe4 38. Nxg7 Kxd5 39. g4 Bg5
40. Nf5 e4 41. h4 Bf4 42. Ne7+ Ke6 43. Nf5 Kf6 44. Nd4 Be5 45. Ne2 Kg6 46. Nc3
e3 47. Kd1 Bf6 48. g5 Bxc3 49. bxc3 hxg5 0-1

[Event "Monarch Assurance Isle of Man 14th"]
[Site "Port Erin IOM"]
[Date "2005.09.25"]
[Round "2.40"]
[White "Groffen, Hans"]
[Black "Nicholson, John"]
[Result "1-0"]
[WhiteElo "2210"]
[BlackElo "2000"]
[PlyCount "41"]
[EventDate "2005.09.24"]
[EventType "swiss"]
[EventRounds "9"]
[EventCountry "IOM"]

1. d4 d5 2. c4 e6 3. Nc3 c5 4. cxd5 cxd4 5. Qxd4 Nc6 6. Qd1 exd5 7. Qxd5 Bd7 8.
Nf3 Nf6 9. Qb3 Bc5 10. Bg5 Nd4 11. Nxd4 Bxd4 12. e3 Bb6 13. Rd1 h6 14. Bh4 g5
15. Bg3 O-O 16. Bc4 Rc8 17. Bd6 Rxc4 18. Qxc4 Re8 19. O-O Be6 20. Qb4 Qc8 21.
Rc1 1-0

[Event "Monarch Assurance Isle of Man 14th"]
[Site "Port Erin IOM"]
[Date "2005.09.25"]
[Round "2.41"]
[White "De Lagontrie, Jean"]
[Black "Smith, Andrew P"]
[Result "0-1"]
[WhiteElo "1988"]
[BlackElo "2204"]
[PlyCount "72"]
[EventDate "2005.09.24"]
[EventType "swiss"]
[EventRounds "9"]
[EventCountry "IOM"]

1. d4 Nf6 2. c4 c5 3. d5 g6 4. Nc3 Bg7 5. e4 d6 6. f4 O-O 7. Nf3 e6 8. Be2 exd5
9. cxd5 Bg4 10. O-O Nbd7 11. h3 Bxf3 12. Bxf3 a6 13. a4 Re8 14. Re1 Rc8 15. Kh1
c4 16. Be3 Qa5 17. Bd4 Re7 18. Re2 Rce8 19. Qg1 h6 20. Rae1 Qc7 21. g4 g5 22.
Bxf6 Nxf6 23. h4 gxf4 24. g5 hxg5 25. Qxg5 Re5 26. Qxf4 Qe7 27. Rg1 Nh5 28.
Bxh5 Rxh5 29. Rg4 Kh8 30. Reg2 Be5 31. Qf2 Qf6 32. Qe1 b5 33. axb5 axb5 34.
Nxb5 Qf3 35. Kg1 Rb8 36. Qe2 Qxe2 0-1

[Event "Monarch Assurance Isle of Man 14th"]
[Site "Port Erin IOM"]
[Date "2005.09.25"]
[Round "2.42"]
[White "Kirschbaum, Gunnar"]
[Black "Young, Mel"]
[Result "1/2-1/2"]
[WhiteElo "2204"]
[BlackElo "1971"]
[PlyCount "83"]
[EventDate "2005.09.24"]
[EventType "swiss"]
[EventRounds "9"]
[EventCountry "IOM"]

1. d4 Nf6 2. c4 c5 3. d5 b5 4. cxb5 a6 5. b6 e6 6. Nc3 Nxd5 7. Nxd5 exd5 8.
Qxd5 Nc6 9. Nf3 Rb8 10. e3 Be7 11. Bd2 Qxb6 12. Bc3 Nb4 13. Qd1 O-O 14. a3 Nc6
15. Bc4 d6 16. h4 Bg4 17. Qc2 Bxf3 18. gxf3 Ne5 19. Bd5 Qb5 20. a4 Qd3 21. Qxd3
Nxd3+ 22. Kd2 Nb4 23. Bxb4 Rxb4 24. b3 Rxh4 25. Rxh4 Bxh4 26. a5 Rb8 27. Ra4
Bd8 28. Kd3 Kf8 29. Bc4 h5 30. f4 g6 31. Ke4 Ke7 32. Kd5 Ra8 33. e4 Kd7 34. e5
Be7 35. Ke4 Ke8 36. b4 cxb4 37. Rxb4 d5+ 38. Bxd5 Bxb4 39. Bxa8 Bxa5 40. Bb7
Be1 41. Bxa6 Bxf2 42. f5 1/2-1/2

[Event "Monarch Assurance Isle of Man 14th"]
[Site "Port Erin IOM"]
[Date "2005.09.25"]
[Round "2.43"]
[White "Wademark, Helge"]
[Black "Martin, Katie"]
[Result "0-1"]
[WhiteElo "2182"]
[BlackElo "1953"]
[PlyCount "68"]
[EventDate "2005.09.24"]
[EventType "swiss"]
[EventRounds "9"]
[EventCountry "IOM"]

1. e4 e5 2. Nf3 Nc6 3. Bc4 Nf6 4. Ng5 d5 5. exd5 Na5 6. Bb5+ c6 7. dxc6 bxc6 8.
Qf3 Bb7 9. Be2 Bd6 10. d3 O-O 11. Nc3 Qe7 12. Nge4 Nxe4 13. dxe4 c5 14. O-O f5
15. Nd5 Bxd5 16. exd5 e4 17. Qc3 Qc7 18. Bd2 Nb7 19. Qh3 c4 20. Bc3 Nc5 21. Bd4
Nd7 22. b3 Ne5 23. Rad1 Rf6 24. f4 exf3 25. Bxc4 Rh6 26. Qxf5 fxg2 27. Rf2 Nxc4
28. bxc4 Bxh2+ 29. Kxg2 Rg6+ 30. Kf1 Re8 31. Be3 Qxc4+ 32. Qd3 Qh4 33. Qf5 Qc4+
34. Rd3 Rg1+ {illegible - full score to be provided later} 0-1

[Event "Monarch Assurance Isle of Man 14th"]
[Site "Port Erin IOM"]
[Date "2005.09.25"]
[Round "2.44"]
[White "Marks, Ian A"]
[Black "Walther, Cliff"]
[Result "0-1"]
[WhiteElo "1889"]
[BlackElo "2175"]
[PlyCount "54"]
[EventDate "2005.09.24"]
[EventType "swiss"]
[EventRounds "9"]
[EventCountry "IOM"]

1. e4 c5 2. Nc3 e6 3. Nf3 a6 4. d4 cxd4 5. Nxd4 Nc6 6. Nxc6 bxc6 7. Bd3 d5 8.
O-O Nf6 9. Bg5 Be7 10. e5 Nd7 11. Bxe7 Qxe7 12. f4 Qb4 13. Qg4 g6 14. Rfe1 Qxb2
15. Ne2 Qb4 16. Qg3 c5 17. c4 dxc4 18. Be4 Rb8 19. Qf3 Qa5 20. Red1 O-O 21. Bc6
Qc7 22. Nc3 f6 23. Rd6 fxe5 24. Rad1 Rxf4 25. Qe3 Rd4 26. R1xd4 cxd4 27. Qxe5
Nxe5 0-1

[Event "Monarch Assurance Isle of Man 14th"]
[Site "Port Erin IOM"]
[Date "2005.09.25"]
[Round "2.45"]
[White "Goodger, Martyn"]
[Black "Fox, Pierre"]
[Result "1/2-1/2"]
[WhiteElo "2162"]
[BlackElo "1815"]
[PlyCount "107"]
[EventDate "2005.09.24"]
[EventType "swiss"]
[EventRounds "9"]
[EventCountry "IOM"]

1. e4 e5 2. Nf3 Nc6 3. d4 exd4 4. Nxd4 Bc5 5. Be3 Qf6 6. c3 Nge7 7. Bc4 b6 8.
O-O Bb7 9. f4 O-O-O 10. Qd2 Qh4 11. Nf3 Bxe3+ 12. Qxe3 Qh6 13. Bd3 Rhe8 14. g3
Nd5 15. Qf2 Nf6 16. Nbd2 Ng4 17. Qe2 Kb8 18. Rae1 f6 19. Nh4 g5 20. Nf5 Qh3 21.
Qg2 Qxg2+ 22. Kxg2 gxf4 23. gxf4 Rg8 24. Ng3 d5 25. Nf3 d4 26. cxd4 Nxd4 27. h3
Nh6 28. Kh2 Nxf3+ 29. Rxf3 f5 30. Rfe3 fxe4 31. Bxe4 Rd2+ 32. R1e2 Rxe2+ 33.
Rxe2 Rg7 34. Bxb7 Kxb7 35. Re6 Ng8 36. f5 Rf7 37. Kg2 Ne7 38. f6 Nd5 39. Nh5
Kc8 40. Re5 c6 41. Ng3 Nxf6 42. Nf5 Kd7 43. Kf3 Nd5 44. Kg4 Rf6 45. h4 Rg6+ 46.
Kf3 a5 47. h5 Re6 48. Rxe6 Kxe6 49. Nd4+ Kf6 50. Kg4 Ne7 51. Ne2 Nd5 52. Ng3
Ne3+ 53. Kf4 Nd5+ 54. Kg4 1/2-1/2

[Event "Monarch Assurance Isle of Man 14th"]
[Site "Port Erin IOM"]
[Date "2005.09.25"]
[Round "2.46"]
[White "McKenzie, Mark"]
[Black "Grant, Alan"]
[Result "0-1"]
[WhiteElo "1249"]
[BlackElo "2152"]
[PlyCount "96"]
[EventDate "2005.09.24"]
[EventType "swiss"]
[EventRounds "9"]
[EventCountry "IOM"]

1. d4 Nf6 2. c4 e6 3. Nf3 Bb4+ 4. Bd2 a5 5. e3 O-O 6. Be2 d6 7. O-O Bxd2 8.
Nbxd2 Re8 9. Qc2 e5 10. d5 Nbd7 11. a3 a4 12. Ng5 Nc5 13. Nge4 Nfxe4 14. Nxe4
Bf5 15. Bd3 Nxd3 16. Qxd3 Ra6 17. f3 Rb6 18. Qd2 Bxe4 19. fxe4 Qh4 20. Qc2 Rb3
21. Rf3 b6 22. Raf1 f6 23. Rh3 Qg5 24. Rff3 Qg6 25. Rf5 Ra8 26. Qe2 Ra5 27. Rg3
Qf7 28. Qf2 Kf8 29. Rgf3 Ke7 30. h4 h5 31. Rg5 Rc5 32. Qg3 Kf8 33. Rff5 Rxc4
34. Rxh5 g6 35. Rh8+ Ke7 36. Rf2 Rxe4 37. Rc2 Kd7 38. Qh3+ f5 39. Qg3 Rg4 40.
Qf3 Rb5 41. Rd2 Rc5 42. g3 Qg7 43. Ra8 e4 44. Qd1 Rxg3+ 45. Kf2 Rf3+ 46. Ke2
Qe5 47. Qh1 Qg3 48. Kd1 Qg4 0-1

[Event "Monarch Assurance Isle of Man 14th"]
[Site "Port Erin IOM"]
[Date "2005.09.26"]
[Round "3.1"]
[White "Tiviakov, Sergei"]
[Black "Gormally, Daniel"]
[Result "1-0"]
[WhiteElo "2678"]
[BlackElo "2557"]
[PlyCount "91"]
[EventDate "2005.09.24"]
[EventType "swiss"]
[EventRounds "9"]
[EventCountry "IOM"]

1. e4 c5 2. c3 Nf6 3. e5 Nd5 4. Bc4 Nb6 5. Bb3 Nc6 6. Nf3 d6 7. exd6 c4 8. Bc2
Qxd6 9. O-O g6 10. b3 Bg7 11. Na3 cxb3 12. axb3 O-O 13. d4 Bg4 14. Nc4 Nxc4 15.
bxc4 Qc7 16. h3 Bxf3 17. Qxf3 e5 18. d5 e4 19. Qxe4 Rfe8 20. Qf4 Be5 21. Qd2
Na5 22. d6 Qc5 23. d7 Red8 24. Qd3 Nxc4 25. Bb3 Nb6 26. Be3 Qc6 27. Bxb6 Qxb6
28. Qd5 Qe6 29. Qxe6 fxe6 30. Rae1 Bxc3 31. Rc1 Bd2 32. Rc2 Bg5 33. f4 Bf6 34.
Rc8 b6 35. Rfc1 Bd4+ 36. Kh2 Bc5 37. Bxe6+ Kg7 38. h4 a5 39. Rc4 Kf6 40. Bh3 h5
41. g3 Kf7 42. f5 gxf5 43. Bxf5 Kf6 44. Bh3 Ke5 45. Rc1 Kf6 46. Rf1+ 1-0

[Event "Monarch Assurance Isle of Man 14th"]
[Site "Port Erin IOM"]
[Date "2005.09.26"]
[Round "3.2"]
[White "Kobalia, Mikhail"]
[Black "Brodsky, Michail"]
[Result "1/2-1/2"]
[WhiteElo "2614"]
[BlackElo "2554"]
[PlyCount "254"]
[EventDate "2005.09.24"]
[EventType "swiss"]
[EventRounds "9"]
[EventCountry "IOM"]

1. e4 e5 2. Nf3 Nc6 3. Bb5 a6 4. Ba4 Nf6 5. O-O Be7 6. Re1 b5 7. Bb3 d6 8. a4
Bb7 9. d3 O-O 10. Nbd2 Nd7 11. c3 Nc5 12. axb5 axb5 13. Rxa8 Qxa8 14. Bc2 b4
15. d4 Nd7 16. Nf1 bxc3 17. bxc3 Bf6 18. Ng3 g6 19. Bh6 Bg7 20. Qc1 Qd8 21. Bb3
Qe7 22. h3 Rb8 23. Be3 Na5 24. Ba2 Nb6 25. Nd2 Qe8 26. Qc2 Qa4 27. Qb2 exd4 28.
Bxd4 Bc6 29. Ra1 Nd7 30. Qc1 Qb5 31. Rb1 Qa4 32. Ra1 Qb5 33. Nf3 Nb3 34. Bxb3
Qxb3 35. Bxg7 Kxg7 36. Nd4 Qc4 37. Qg5 Kh8 38. Ra3 Re8 39. h4 Bb7 40. Ra7 Bc8
41. Nb5 f6 42. Qd5 Qxd5 43. exd5 Nb6 44. Rxc7 Nxd5 45. Rc6 Bb7 46. Rxd6 f5 47.
c4 Nf4 48. f3 Rc8 49. Rd4 Ne6 50. Rd7 Bc6 51. Rd6 Bxb5 52. cxb5 Nf4 53. b6 Rc1+
54. Nf1 Rb1 55. Kf2 Rb2+ 56. Nd2 Kg7 57. g3 Nh5 58. g4 fxg4 59. fxg4 Nf6 60.
Kf3 Kf7 61. Nc4 Rb3+ 62. Kf4 Rb4 63. Rc6 Ke7 64. g5 Nd7 65. Ke3 Nxb6 66. Nxb6
Rxh4 67. Nd5+ Kd7 68. Ra6 h6 69. Nf6+ Kc7 70. Nd5+ Kd7 71. Nf6+ Kc7 72. gxh6
Rxh6 73. Kd4 Rh1 74. Nd5+ Kd7 75. Ne3 Re1 76. Ng4 Rd1+ 77. Kc5 g5 78. Ne3 Rc1+
79. Kd4 g4 80. Nxg4 Rd1+ 81. Ke4 Re1+ 82. Ne3 Ke7 83. Kd4 Kd7 84. Nf5 Rd1+ 85.
Ke5 Re1+ 86. Kd5 Rd1+ 87. Nd4 Ke7 88. Rb6 Kf7 89. Rb2 Ke7 90. Kc4 Ke8 91. Kc5
Ke7 92. Rc2 Re1 93. Ne2 Kd7 94. Kd5 Rd1+ 95. Nd4 Ke7 96. Rf2 Ke8 97. Rf3 Ke7
98. Rf4 Rd3 99. Rf1 Rd2 100. Ke5 Rd3 101. Nc6+ Kd7 102. Nb4 Re3+ 103. Kd5 Re2
104. Rf7+ Re7 105. Rf6 Re1 106. Rd6+ Ke8 107. Nd3 Rb1 108. Rh6 Ke7 109. Nf4 Re1
110. Ne6 Rd1+ 111. Nd4 Kf7 112. Rh2 Kf6 113. Rf2+ Ke7 114. Rf4 Rd3 115. Rf1 Rd2
116. Ke5 Rd3 117. Re1 Rd2 118. Kd5+ Kf7 119. Re4 Rd1 120. Ke5 Ke7 121. Re2 Kd7
122. Rh2 Re1+ 123. Kd5 Ke7 124. Nc6+ Kf6 125. Rf2+ Kg5 126. Ne5 Ra1 127. Nc4
Re1 1/2-1/2

[Event "Monarch Assurance Isle of Man 14th"]
[Site "Port Erin IOM"]
[Date "2005.09.26"]
[Round "3.3"]
[White "Epishin, Vladimir"]
[Black "Ulibin, Mikhail"]
[Result "1/2-1/2"]
[WhiteElo "2600"]
[BlackElo "2529"]
[PlyCount "60"]
[EventDate "2005.09.24"]
[EventType "swiss"]
[EventRounds "9"]
[EventCountry "IOM"]

1. d4 e6 2. c4 f5 3. e3 Nf6 4. Nc3 d6 5. g3 g6 6. Bg2 Bg7 7. Nge2 O-O 8. O-O e5
9. dxe5 dxe5 10. Qxd8 Rxd8 11. e4 c6 12. b3 Be6 13. Be3 Nbd7 14. h3 h5 15. exf5
Bxf5 16. Rfd1 Kh7 17. Rd2 Bh6 18. Bxh6 Kxh6 19. Rad1 Re8 20. h4 Re7 21. Ne4
Bxe4 22. Bxe4 Nxe4 23. Rxd7 Rxd7 24. Rxd7 Rf8 25. Re7 Nxf2 26. Rxe5 Ng4 27. Re7
Rf3 28. Kg2 Rf2+ 29. Kg1 Rf3 30. Kg2 Rf2+ 1/2-1/2

[Event "Monarch Assurance Isle of Man 14th"]
[Site "Port Erin IOM"]
[Date "2005.09.26"]
[Round "3.4"]
[White "Wells, Peter"]
[Black "Korneev, Oleg"]
[Result "0-1"]
[WhiteElo "2529"]
[BlackElo "2594"]
[PlyCount "72"]
[EventDate "2005.09.24"]
[EventType "swiss"]
[EventRounds "9"]
[EventCountry "IOM"]

1. d4 d5 2. c4 c6 3. Nc3 Nf6 4. e3 e6 5. Nf3 Nbd7 6. Bd3 dxc4 7. Bxc4 b5 8. Be2
Bb7 9. O-O a6 10. e4 c5 11. e5 Nd5 12. a4 b4 13. Ne4 Qc7 14. Re1 h6 15. a5 Be7
16. Bc4 O-O 17. Ng3 Rfd8 18. Nh5 Bf8 19. Nh4 cxd4 20. Bxd5 Bxd5 21. Bxh6 gxh6
22. Rc1 Qa7 23. Qg4+ Kh8 24. Qf4 Kg8 25. Qg4+ Kh8 26. Qf4 Bg7 27. Qxf7 Nxe5 28.
Ng6+ Nxg6 29. Rc7 Qxc7 30. Qxc7 Rg8 31. Qg3 Ne7 32. Qh3 Raf8 33. Nxg7 Rxg7 34.
Qxh6+ Kg8 35. g3 Nf5 36. Qf4 Nxg3 0-1

[Event "Monarch Assurance Isle of Man 14th"]
[Site "Port Erin IOM"]
[Date "2005.09.26"]
[Round "3.5"]
[White "Shabalov, Alexander"]
[Black "Sundararajan, Kidambi"]
[Result "1/2-1/2"]
[WhiteElo "2593"]
[BlackElo "2484"]
[PlyCount "77"]
[EventDate "2005.09.24"]
[EventType "swiss"]
[EventRounds "9"]
[EventCountry "IOM"]

1. d4 d5 2. c4 c6 3. Nc3 Nf6 4. e3 e6 5. Nf3 Nbd7 6. Bd3 dxc4 7. Bxc4 b5 8. Bd3
Bd6 9. Ng5 Bb7 10. Qf3 Qc7 11. Bd2 O-O 12. Rc1 a6 13. Nce4 Be7 14. O-O Rad8 15.
b4 Nxe4 16. Nxe4 f5 17. Nc5 Nxc5 18. bxc5 e5 19. Bc2 Bc8 20. Bb3+ Kh8 21. Bc3
e4 22. Qg3 Qxg3 23. hxg3 Bf6 24. Ba5 Rde8 25. d5 cxd5 26. Bxd5 Bd8 27. Bb6 Rf6
28. Bxd8 Rxd8 29. Rfd1 Rff8 30. c6 g6 31. c7 Rd6 32. Bb3 Rff6 33. a4 Kg7 34.
axb5 axb5 35. Rd5 Rxd5 36. Bxd5 Rd6 37. Rc5 b4 38. Rb5 Rd7 39. f3 1/2-1/2

[Event "Monarch Assurance Isle of Man 14th"]
[Site "Port Erin IOM"]
[Date "2005.09.26"]
[Round "3.6"]
[White "Ikonnikov, Vyacheslav"]
[Black "Palliser, Richard"]
[Result "1/2-1/2"]
[WhiteElo "2560"]
[BlackElo "2389"]
[PlyCount "84"]
[EventDate "2005.09.24"]
[EventType "swiss"]
[EventRounds "9"]
[EventCountry "IOM"]

1. d4 Nf6 2. Nf3 e6 3. c4 Nc6 4. a3 d6 5. Nc3 g6 6. e4 Bg7 7. Be2 O-O 8. O-O
Re8 9. Be3 e5 10. d5 Nd4 11. Nxd4 exd4 12. Bxd4 Nxe4 13. Bxg7 Kxg7 14. Nb5 a6
15. f3 axb5 16. fxe4 Rxe4 17. cxb5 Qg5 18. Bf3 Bg4 19. Bxg4 Rxg4 20. Qf3 f5 21.
Rac1 Re8 22. Rxc7+ Kh6 23. Qh3+ Rh4 24. Qc3 Re5 25. Rxb7 Rg4 26. Kh1 f4 27. Qc7
Qf5 28. Qxh7+ Kg5 29. Qh3 Re3 30. Qxe3 fxe3 31. Rxf5+ Kxf5 32. Re7 Re4 33. g4+
Kf4 34. Rxe4+ Kxe4 35. Kg2 Kd3 36. b6 e2 37. b7 e1=Q 38. b8=Q Qe2+ 39. Kg3 Qe3+
40. Kg2 Qe2+ 41. Kg3 Qe3+ 42. Kh4 Qh6+ 1/2-1/2

[Event "Monarch Assurance Isle of Man 14th"]
[Site "Port Erin IOM"]
[Date "2005.09.26"]
[Round "3.7"]
[White "Kuzubov, Yuriy"]
[Black "Sulskis, Sarunas"]
[Result "1/2-1/2"]
[WhiteElo "2535"]
[BlackElo "2535"]
[PlyCount "53"]
[EventDate "2005.09.24"]
[EventType "swiss"]
[EventRounds "9"]
[EventCountry "IOM"]

1. d4 Nf6 2. c4 e6 3. Nc3 Bb4 4. f3 d5 5. a3 Bxc3+ 6. bxc3 c5 7. cxd5 Nxd5 8.
dxc5 Qa5 9. e4 Nf6 10. Be3 O-O 11. Kf2 Bd7 12. a4 Bc6 13. Bb5 Bxb5 14. axb5
Qxb5 15. Ne2 Na6 16. Qb1 Qc6 17. Nd4 Qc8 18. Nb5 Nxc5 19. Rxa7 Rxa7 20. Nxa7
Ncxe4+ 21. fxe4 Ng4+ 22. Ke2 Qc4+ 23. Qd3 Qa2+ 24. Qd2 Qc4+ 25. Qd3 Qa2+ 26.
Qd2 Qc4+ 27. Qd3 1/2-1/2

[Event "Monarch Assurance Isle of Man 14th"]
[Site "Port Erin IOM"]
[Date "2005.09.26"]
[Round "3.8"]
[White "Bobras, Piotr"]
[Black "Ghaem Maghami, Ehsan"]
[Result "1/2-1/2"]
[WhiteElo "2525"]
[BlackElo "2603"]
[PlyCount "28"]
[EventDate "2005.09.24"]
[EventType "swiss"]
[EventRounds "9"]
[EventCountry "IOM"]

1. e4 c5 2. Nf3 d6 3. d4 cxd4 4. Nxd4 Nf6 5. Nc3 a6 6. Bg5 e6 7. f4 Nbd7 8. Qf3
Qc7 9. O-O-O b5 10. e5 Bb7 11. Qh3 dxe5 12. Nxe6 fxe6 13. Qxe6+ Be7 14. Bxf6
gxf6 1/2-1/2

[Event "Monarch Assurance Isle of Man 14th"]
[Site "Port Erin IOM"]
[Date "2005.09.26"]
[Round "3.9"]
[White "Gupta, Abhijeet"]
[Black "Galkin, Alexander"]
[Result "1/2-1/2"]
[WhiteElo "2380"]
[BlackElo "2598"]
[PlyCount "70"]
[EventDate "2005.09.24"]
[EventType "swiss"]
[EventRounds "9"]
[EventCountry "IOM"]

1. d4 d5 2. c4 e6 3. Nc3 c6 4. Nf3 dxc4 5. a4 Bb4 6. e3 b5 7. Bd2 a5 8. axb5
Bxc3 9. Bxc3 cxb5 10. b3 Bb7 11. bxc4 b4 12. Bb2 Nf6 13. Bd3 Nbd7 14. O-O O-O
15. Re1 Ne4 16. c5 Qc7 17. Qc2 Qc6 18. Ra4 Ra7 19. Rea1 Rfa8 20. Ne1 Nef6 21.
f3 Nb8 22. Qe2 Qd7 23. Bb5 Bc6 24. Bxc6 Nxc6 25. Nc2 Nd5 26. e4 Nde7 27. Qe3
Rd8 28. Qb3 Qc8 29. Qc4 Qb8 30. Rd1 Rad7 31. Raa1 h6 32. g3 Ne5 33. Qe2 N5c6
34. Qc4 Ne5 35. Qe2 N5c6 1/2-1/2

[Event "Monarch Assurance Isle of Man 14th"]
[Site "Port Erin IOM"]
[Date "2005.09.26"]
[Round "3.10"]
[White "Kunin, Vitaly"]
[Black "David, Alberto"]
[Result "1/2-1/2"]
[WhiteElo "2448"]
[BlackElo "2579"]
[PlyCount "84"]
[EventDate "2005.09.24"]
[EventType "swiss"]
[EventRounds "9"]
[EventCountry "IOM"]

1. d4 Nf6 2. c4 e6 3. Nf3 d5 4. Nc3 Be7 5. Bg5 h6 6. Bh4 O-O 7. e3 b6 8. Qb3
Bb7 9. Bxf6 Bxf6 10. cxd5 exd5 11. Rd1 c6 12. Bd3 Nd7 13. O-O Re8 14. e4 Nf8
15. e5 Be7 16. Bb1 Ne6 17. Qc2 g6 18. Qd2 Bf8 19. h3 h5 {(=)} 20. Ne2 c5 21.
Nf4 cxd4 22. Nxe6 Rxe6 23. Qxd4 Bg7 24. Rfe1 Qe7 25. h4 Re8 26. Qa4 a6 27. Qb3
b5 28. Re3 Bxe5 29. Ng5 d4 30. Bxg6 dxe3 31. Bxf7+ Qxf7 32. Nxf7 Kxf7 33. fxe3
R8e7 34. Qd3 Kg7 35. Qf5 Bf6 36. Qxh5 Re4 37. Qf5 Rxe3 38. Qg4+ Kf7 39. Rf1 Re2
40. Qh5+ Kg7 41. Qg4+ Kf7 42. Qh5+ Kg7 1/2-1/2

[Event "Monarch Assurance Isle of Man 14th"]
[Site "Port Erin IOM"]
[Date "2005.09.26"]
[Round "3.11"]
[White "Mikhalevski, Victor"]
[Black "Lalic, Bogdan"]
[Result "1/2-1/2"]
[WhiteElo "2572"]
[BlackElo "2491"]
[PlyCount "52"]
[EventDate "2005.09.24"]
[EventType "swiss"]
[EventRounds "9"]
[EventCountry "IOM"]

1. d4 e6 2. c4 Nf6 3. g3 d5 4. Bg2 Be7 5. Nf3 O-O 6. O-O dxc4 7. Qc2 a6 8. a4
Bd7 9. Qxc4 Bc6 10. Bf4 a5 11. Nc3 Na6 12. Rfe1 Nb4 13. Rac1 Bd6 14. Bg5 Bd5
15. Nxd5 exd5 16. Qb3 h6 17. Bxf6 Qxf6 18. Rc3 Rfe8 19. e3 c6 20. Qd1 Re7 21.
Qb1 Rae8 22. Rd1 Rc7 23. Nh4 g6 24. Nf3 b6 25. Nd2 c5 26. Nf1 cxd4 1/2-1/2

[Event "Monarch Assurance Isle of Man 14th"]
[Site "Port Erin IOM"]
[Date "2005.09.26"]
[Round "3.13"]
[White "Postny, Evgeny"]
[Black "Klenburg, Mikhail"]
[Result "1-0"]
[WhiteElo "2559"]
[BlackElo "2400"]
[PlyCount "111"]
[EventDate "2005.09.24"]
[EventType "swiss"]
[EventRounds "9"]
[EventCountry "IOM"]

1. e4 d6 2. d4 Nf6 3. Nc3 g6 4. Be3 Bg7 5. h3 O-O 6. f4 a6 7. Qf3 e5 8. O-O-O
exf4 9. Bxf4 Nh5 10. Be3 f5 11. e5 c6 12. exd6 Qxd6 13. Bc4+ Kh8 14. Nge2 Nd7
15. Nf4 Ndf6 16. d5 Nxf4 17. Bxf4 Qb4 18. Bb3 Bd7 19. a3 Qa5 20. Bd6 Rfc8 21.
Rhe1 cxd5 22. Re7 Bc6 23. Bb4 Qb6 24. Nxd5 Bxd5 25. Bxd5 Nxd5 26. Qxd5 Rd8 27.
Rd7 Rxd7 28. Qxd7 a5 29. Qd6 Qxd6 30. Bxd6 Rd8 31. Rd3 Kg8 32. a4 Bf8 33. Bc7
Rxd3 34. cxd3 Bb4 35. Kc2 Kf7 36. Kb3 Ke6 37. Kc4 g5 38. d4 g4 39. d5+ Kd7 40.
Bf4 Bd6 41. Bd2 Bc7 42. hxg4 fxg4 43. Bh6 Bd8 44. b3 Bf6 45. Kd3 Bd8 46. Ke4
Kd6 47. Bf8+ Kd7 48. Kf5 h5 49. Bc5 g3 50. Kf4 h4 51. Kg4 b6 52. Bf8 Bf6 53. d6
Bd4 54. Kxh4 Bf2 55. Kg4 Ke6 56. Be7 1-0

[Event "Monarch Assurance Isle of Man 14th"]
[Site "Port Erin IOM"]
[Date "2005.09.26"]
[Round "3.14"]
[White "Kritz, Leonid"]
[Black "Kolbus, Dietmar"]
[Result "1/2-1/2"]
[WhiteElo "2544"]
[BlackElo "2416"]
[PlyCount "84"]
[EventDate "2005.09.24"]
[EventType "swiss"]
[EventRounds "9"]
[EventCountry "IOM"]

1. e4 c6 2. Nc3 d5 3. d4 dxe4 4. Nxe4 Nd7 5. Ng5 Ngf6 6. Bd3 e6 7. N1f3 Bd6 8.
Qe2 h6 9. Ne4 Nxe4 10. Qxe4 Nf6 11. Qe2 c5 12. dxc5 Bxc5 13. Bd2 Qe7 14. O-O-O
a6 15. Ne5 b5 16. h4 Bb7 17. Rh3 Bd5 18. Kb1 Qb7 19. Rg3 Rg8 20. f3 Bd6 21. Rh3
Rc8 22. Re1 Nd7 23. Nxd7 Kxd7 24. Be4 Ke7 25. Rd1 Bxe4 26. fxe4 Rc4 27. e5 Bc5
28. Re1 Rc8 29. c3 Bb6 30. b3 R4c7 31. Rg3 g6 32. Qf1 Ke8 33. Qf6 Qd5 34. Bxh6
Rxc3 35. Bg5 R3c7 36. Rf3 Qc5 37. Rc1 Qxc1+ 38. Bxc1 Rxc1+ 39. Kb2 R1c2+ 40.
Kb1 Rc1+ 41. Kb2 R1c2+ 42. Kb1 Rc1+ 1/2-1/2

[Event "Monarch Assurance Isle of Man 14th"]
[Site "Port Erin IOM"]
[Date "2005.09.26"]
[Round "3.15"]
[White "Bosboom-Lanchava, T."]
[Black "Areshchenko, Alexander"]
[Result "0-1"]
[WhiteElo "2363"]
[BlackElo "2625"]
[PlyCount "84"]
[EventDate "2005.09.24"]
[EventType "swiss"]
[EventRounds "9"]
[EventCountry "IOM"]

1. d4 Nf6 2. c4 g6 3. Nc3 Bg7 4. e4 d6 5. Nf3 O-O 6. Be2 Na6 7. O-O e5 8. Rb1
exd4 9. Nxd4 Re8 10. f3 Nh5 11. Be3 Nc5 12. g4 Nf6 13. b4 Ne6 14. Qd2 Nxd4 15.
Bxd4 Be6 16. g5 Nd7 17. Bxg7 Kxg7 18. f4 f6 19. f5 gxf5 20. exf5 Bf7 21. h4 Qe7
22. Rf3 Qe5 23. Bf1 c6 24. Qg2 Qd4+ 25. Kh1 Kh8 26. Qg3 Bh5 27. Rd3 Qe5 28.
Qxe5 Nxe5 29. Rxd6 fxg5 30. hxg5 Nf7 31. Rd2 Nxg5 32. Be2 Re3 33. Bxh5 Rxc3 34.
Rg1 Ne4 35. Rh2 Ng3+ 36. Rxg3 Rxg3 37. Bg6 Kg7 38. Rxh7+ Kf6 39. Kh2 Ra3 40.
Rxb7 Rd8 41. Rf7+ Kg5 42. Re7 Rxa2+ 0-1